| 000 | 00899cam a2200277 i 4500 | ||
|---|---|---|---|
| 001 | 3208332 | ||
| 003 | ARRUPE | ||
| 005 | 20160411111601.0 | ||
| 008 | 801112s1977 tz b 000 0 eng | ||
| 010 | _a 77981066 | ||
| 040 |
_aDLC _cDLC _dDLC |
||
| 043 | _af-tz--- | ||
| 050 | 0 | 0 |
_aHD6868.5 _b.L3 |
| 082 | 0 | 0 |
_a331/.09678 _219 |
| 245 | 0 | 0 |
_aLabour in Tanzania / _cN. S. K. Tumbo ... [et al.]. |
| 260 |
_aDar es Salaam : _bTanzania Pub. House, _c1977. |
||
| 300 |
_axii, 89 p. ; _c22 cm. |
||
| 490 | 1 | _aStudies in political science ; no. 5 | |
| 504 | _aBibliography: p. 86-89. | ||
| 650 | 0 |
_aLabor unions _zTanzania. _923606 |
|
| 650 | 0 |
_aLabor movement _zTanzania. _923607 |
|
| 700 | 1 |
_aTumbo, N. S. K. [et al] _923608 |
|
| 830 | 0 |
_aStudies in political science (Dar es Salaam, Tanzania) ; _vno. 5. _923609 |
|
| 906 |
_a7 _bcbc _corignew _d4 _encip _f19 _gy-gencatlg |
||
| 942 |
_2lcc _cMONOGRAPH |
||
| 999 |
_c124543 _d124543 |
||